000 01572nam a2200505 i 4500
001 39496
003 KOSZ 005
005 20220429115557.0
008 980627s1997 pl a |001 0 pol
015 _aUWD 1998/8258
020 _a8386718706
035 _a991003712339705066
035 _a(PL-WaBN)b10991621-48omnis_nlop
035 _ab10991621
035 _a(OCoLC)750530537
035 _a(PL)b0000001099162
035 _a(EXLNZ-48OMNIS_NETWORK)9910177035205606
040 _aWA N
_cWA N
_dKOSZ 005/HR
046 _k1997
080 _a004.42
080 _a004.4'27
080 _a(07)
100 1 _aPasek, Joanna
_eAutor
245 1 0 _a3D Studio MAX /
_cJoanna i Maciej Pasek.
246 3 _aTrzyD Studio
260 _aGliwice :
_b"Helion",
_ccop. 1997
300 _a267 s., [4] s. tabl. kolor. :
_bil., rys. ;
_c24 cm +
_edyskietka.
336 _aTekst
_btxt
_2rdacontent
337 _aBez urządzenia pośredniczącego
_bn
_2rdamedia
338 _aWolumin
_bnc
_2rdacarrier
380 _aKsiążki
388 _a1901-2000
388 _a1989-2000
504 _aIndeks.
650 7 _a3D Studio
_2DBN
650 7 _aGrafika trójwymiarowa
_2DBN
650 7 _aProgramy graficzne
_2DBN
655 7 _aPodręcznik
_2DBN
658 _aInformatyka i technologie informacyjne
700 1 _aPasek, Maciej
_eAutor
710 2 _aHelion
_4pbl
856 _uhttp://koha.tu.koszalin.pl/cgi-bin/koha/opac-detail.pl?biblionumber=39496
_yKatalog online BPK
942 _2UKD
_cKS
999 _c39496
_d39496